Statistics for Top 10 emigrants from Portugal by target country

Click here to take the quiz!

General Stats

  • This quiz has been taken 534 times
  • The average score is 8 of 10

Answer Stats

HintAnswer% Correct
588276France
96%
158002USA
96%
137973Brazil
95%
90000UK
95%
134248Spain
94%
104084Germany
93%
140310Canadá
87%
194840Switzerland
70%
60897Luxembourg
46%
37326Venezuela
33%

Score Distribution

Percentile by Number Answered

Percent of People with Each Score

Your Score History

You have not taken this quiz